Statystyki dla Flagi powiatów województwa kujawsko-pomorskiego

Kliknij tutaj aby rozwiązać quiz!

Ogólne statystyki

  • Ten quiz został rozwiązany 25 razy
  • Średni wynik to 7 z 17

Statystyki odpowiedzi

Odpowiedź% Poprawnych
Toruń
79%
Bydgoszcz
58%
bydgoski
53%
rypiński
47%
lipnowski
42%
nakielski
42%
świecki
42%
tucholski
37%
żniński
37%
aleksandrowski
32%
inowrocławski
32%
sępoleński
32%
Grudziądz
26%
mogileński
26%
radziejowski
26%
golubsko-dobrzyński
21%
wąbrzeski
21%

Rozkład punktacji

Percentyl według liczby udzielonych odpowiedzi

Procent ludzi z każdym wynikiem

Twoja historia wyników

Nie rozwiązałeś tego quizu